000
00361nam a2200133Ia 4500
008
231129s9999||||xx |||||||||||||| ||spa||
020
_a
978-958-42-1518-5
040
_b
spa
082
_a
Co863 G677a
100
_a
Gossaín Juan
245
0
_a
Al final del sueño
264
_a
Bogotá Colombia: Seix Barral
942
_2
ddc
_c
BKS
999
_c
4666
_d
4666